| 000 | 01013nam a2200349 a 4500 | ||
|---|---|---|---|
| 003 | AR-BaBNM | ||
| 005 | 20251128204948.0 | ||
| 008 | 082120s2002 ||||||||||||||000 | spa|| | ||
| 020 | _a950-695-018-0 | ||
| 040 | _cAR-BaBNM | ||
| 100 | 1 | _aTonucci, Francesco | |
| 245 | 0 | 0 | _aNiño se nace |
| 250 | _a3ª ed. | ||
| 260 |
_aBuenos Aires _bRei _c1994 |
||
| 300 |
_a159 p. _bil. |
||
| 500 | _aEl libro contiene ilustraciones que tratan distintas problemáticas de la niñez | ||
| 500 | _aFrato: seudónimo de Francesco Tonucci | ||
| 650 | 4 | _aNIÑEZ | |
| 650 | 4 | _aACTITUD DEL NIÑO | |
| 650 | 4 | _aDESARROLLO DEL NIÑO | |
| 650 | 4 | _aTELEVISION | |
| 650 | 4 | _aSALUD | |
| 650 | 4 | _aRESPONSABILIDAD DE LOS PADRES | |
| 650 | 4 | _aEDUCACION DEL NIÑO | |
| 650 | 4 | _aRESPONSABILIDAD DEL NIÑO | |
| 650 | 4 | _aPSICOLOGIA DEL NIÑO | |
| 700 | 1 |
_aImbernón, Francisco _eprologuista |
|
| 700 | 1 |
_aTinaut, Alberto Lázaro _etraductor |
|
| 700 | 1 |
_aCaivano, Fabricio _ecolaborador |
|
| 942 | _cBK | ||
| 998 | _cSILVI | ||
| 999 |
_c9503 _d9503 |
||